MDQL
is popping MORE tags! Check the
thread
!
Quizzes
Events
Quiz Creation
Community
Videos
Private Events
Remove Ads
Sign In
Join for FREE
Feedback
Dark Mode
Quiz Categories
Sports
Geography
Music
Movies
Television
Just For Fun
Miscellaneous
History
Literature
Language
Science
Gaming
Entertainment
Religion
Holiday
For Kids
Quiz Lab
Recent
Popular Today
Quiz Kudos Today
Editor Picks
Curator Picks
Quizzes by...
Day
Popularity
Type
Ratings
Length
Year
Community
Subscriptions
Recent Discussions
Orange Saloon
Badges
Playlists
Quests
Create
Leaderboards
Showdown
Live 5
Trivia Bingo
Activity
Puzzle Library
Sporcle Events
Private Events
Virtual Trivia
Globe League
Become a Host
Pub Owners
SporcleCon
Opinionation
Our Games
Videos
Blog
Mobile Apps
Partnerships
Remove Ads and Go Orange
Feedback
Gaming
Video Games
Board Games
Card Games
Pokémon
Mario
Nintendo
Minecraft
Console
Toys
Legend of Zelda
Gaming
Video Games
Board Games
Card Games
Pokémon
Mario
Nintendo
Minecraft
Console
Toys
Legend of Zelda
Random Quiz
Search Sporcle
×
Quiz Lab
Quiz Lab
Gaming
Pokémon
Type in answers that appear in a list
Type in answers that appear in a list
Classic
Best Score? Go Orange.
Gen 2 Pokemon + evolutions and babies! Stats
Can you name the Pokemon from gen 2, with their evolutions and prevolutions introduced in later regions?
By
mrsbilling
6m
93 Questions
913 Plays
913 Plays
913 Plays
Comments
Comments
Give Quiz Kudos
Give Quiz Kudos
-
- Ratings
hide this ad
Replay
Link that replays current quiz
Next Quiz
Link to next quiz in quiz playlist
You Got
0%
They Got
Avg Score
48%
Avg Friend Score
Upgrade to see
Score Distribution
Jump to the score distribution portion of the page
Score
0/93
Timer
06:00
0
Plays Today
Generation Introduced
% Correct
2
Totodile
85.2%
2
Chikorita
84.3%
2
Cyndaquil
83.7%
2
Bayleef
83.5%
2
Typhlosion
80.4%
2
Quilava
79.8%
2
Meganium
79.7%
2
Feraligatr
77.2%
2
Croconaw
76.6%
2
Sentret
72.4%
2
Hoothoot
71.2%
2
Furret
70.8%
2
Noctowl
68.6%
2
Lugia
66.9%
2
Ho-Oh
66.9%
2
Entei
63.6%
2
Raikou
61.4%
2
Suicune
61.1%
2
Spinarak
60.5%
2
Ariados
58.7%
2
Larvitar
58.5%
2
Tyranitar
58.3%
2
Celebi
58.1%
2
Pupitar
57.7%
2
Togepi
55.3%
2
Ledyba
55.1%
2
Ledian
54.2%
2
Mareep
53.7%
2
Togetic
52.2%
2
Ampharos
51%
2
Sudowoodo
50.6%
Generation Introduced
% Correct
2
Flaaffy
48.5%
2
Miltank
48.2%
2
Misdreavus
48.1%
2
Murkrow
48%
2
Houndoom
47.5%
2
Marill
47.4%
2
Houndour
47.2%
2
Piloswine
46.5%
2
Swinub
46.3%
2
Azumarill
45.9%
2
Mantine
45.3%
4
Togekiss
44.7%
2
Hoppip
43.5%
2
Sneasel
43.5%
2
Jumpluff
42.7%
2
Wooper
42.5%
2
Skiploom
42.4%
4
Mismagius
41.7%
2
Xatu
41.6%
2
Quagsire
41.3%
2
Wobbuffet
41.1%
2
Unown
41%
2
Natu
40.9%
4
Mamoswine
40.5%
2
Yanma
40.4%
2
Skarmory
40.4%
2
Phanpy
40.4%
2
Pineco
40.2%
2
Donphan
40.1%
3
Azurill
39.9%
4
Honchkrow
39.9%
Generation Introduced
% Correct
2
Ursaring
39.6%
2
Lanturn
39.4%
2
Chinchou
39.3%
2
Heracross
39.3%
2
Teddiursa
39.1%
2
Sunkern
38.9%
2
Gligar
38.7%
2
Sunflora
38.4%
2
Stantler
38.4%
4
Bonsly
38.2%
2
Remoraid
37.6%
2
Forretress
37.5%
3
Wynaut
36.7%
2
Aipom
36.6%
4
Weavile
36.6%
2
Octillery
36.5%
4
Yanmega
36.4%
2
Granbull
35.9%
2
Girafarig
35.4%
2
Dunsparce
35.2%
4
Mantyke
35.2%
2
Snubbull
34.7%
2
Delibird
34.7%
2
Slugma
33.8%
2
Smeargle
33.7%
4
Gliscor
33.2%
2
Corsola
32.9%
4
Ambipom
31.9%
2
Magcargo
31.8%
2
Qwilfish
31.3%
2
Shuckle
30.8%
Quiz Playlist
Details
Report
Send in Message
Add To Playlist
Classic:
Type in answers that appear in a list
Last Updated: Jan 11, 2019
Quiz Scoreboard
CHALLENGE
Sign Up to Join the Scoreboard
Show All
Scores
Hide
Comments
May contain spoilers
Recently Published
Two Season TV Shows II
by 123Four
Television
10m
Image Sorting: Flags VI
by Barbecue
Geography
2m
Find the 'City' Movie
by crazypaving
Movies
60s
More to Explore
Quiz From the Vault
Featured Blog Post
14 Easter Pick-up Lines to Find Eggs With
hide this ad
You Might Also Like...
Tags
Pokémon Quiz
Baby
Evolution
gen
Generation
Later
region
Revolution
Today's Top Quizzes in Gaming
Browse Gaming
hide this ad
Today's Top Quizzes in Pokémon
Browse Pokémon
Top Contributed Quizzes in Gaming
1
League of Legends Pro Players by Career/Team History
2
Destiny 2 exotic weapons by perk icons
3
Genshin Impact Logic Puzzle
4
Genshin murder mystery
5
Dead By Daylight Logic Puzzle
6
4x4 Decades: Video Games
7
Ultimate Genshin Impact Logic Puzzle (up to 4.3)
8
Overwatch Logic Puzzle
9
Who's on the WWE 2K24 Cover?
10
Overwatch 2: Ultimate Ability Icons
Explore More
Trending Topics
Kpop
Anime
Marvel
NBA
Crossword
Harry Potter
Disney
NFL
Country
Pokémon
WWE
The Office
Song
Soccer
Puzzle
hide this ad
More By:
mrsbilling
Quiz
Plays
Rating
Category
Featured
Created
Baby Pokemon
8,924
4.15
Gaming
Oct 26, 2009
Gen 1 Pokemon + evolutions and baby forms
2,370
3.79
Gaming
Oct 19, 2009
Name all the 'twerps' and Rockets pokemon
2,091
2.73
Television
Oct 9, 2009
Gen 3 Pokemon + evolutions and baby forms
952
3.47
Gaming
Oct 19, 2009
Gen 2 Pokemon + evolutions and babies!
913
3.53
Gaming
Oct 19, 2009
Go to Creator's Profile
Score Distribution
Quiz Creator Spotlight
mrsbilling
Follow
Send a Message
Quizzes Created
-
Created Quiz Play Count
-
More By This Creator
Popular Quizzes Today
1
Find the US States - No Outlines Minefield
2
Colored Red Africa Blitz
3
Find the 'City' Movie
4
5x2 Blitz: Bands
5
The Countries of the World
6
Find the Countries of Europe - No Outlines Minefield
7
Find the US States
8
US States
More Gaming Quizzes
Btd6 Projectiles
Quiz Lab
Trending Quizzes
Colored Red Europe Blitz I
Colored Red Africa Blitz II
Colored Red Europe Blitz II
Colored Red Africa Blitz III
Colored Red Europe Blitz III
Recently Updated
How Do You Spell That?
pecheneg
Godzilla Movies
pecheneg
Grab Bag: 4-10 Letters
pecheneg
2024 March Madness Bracket
pecheneg
Famous TV Couples
Peacemaker
Champions League XIs: Real Madrid
pecheneg
Largest US Cities 1790-2010
pecheneg
Rides in Walt Disney World
pecheneg
Most Oscar Losses (Acting)
pecheneg
Beyoncé Albums
pecheneg
Trending Topics
Marvel
Anime
Disney
Harry Potter
Kpop
NBA
Crossword
The Office
Soccer
Country
Pokémon
NFL
Puzzle
Song
WWE
Your Account Isn't Verified!
In order to create a playlist on Sporcle, you need to verify the email address you used during registration. Go to your
Sporcle Settings
to finish the process.
Report this User
Report this user for behavior that violates our
Community Guidelines
.
Details:
Send Report
Go to the Sporcle.com Mobile Site →
Comments